Southville International School and Colleges
Your cart is empty.
  • Cart
  • Lists
    Public lists Eva Luna New books Lux_list list_1
    Your lists Log in to create your own lists
  • Log in to your account
  • Your cookies
  • Search history
Southville International School and Colleges
  • Advanced search
  • Recent comments
  • Most popular
  • Libraries

Log in to your account

Log in with GOOGLE


If you do not have an external account, but do have a local account, you can still log in:

  1. Home
  2. MARC view: Rich dad's cashflow quadrant :
Normal view MARC view ISBD view

Rich dad's cashflow quadrant : (Record no. 297713)

[ view plain ]
MARC details
000 -LEADER
fixed length control field 00891cam a22002894a 4500
001 - CONTROL NUMBER
control field 14122784
003 - CONTROL NUMBER IDENTIFIER
control field SISC
005 - DATE AND TIME OF LATEST TRANSACTION
control field 20160714103840.0
008 - FIXED-LENGTH DATA ELEMENTS--GENERAL INFORMATION
fixed length control field 050928s2000 nyua 000 0 eng
010 ## - LIBRARY OF CONGRESS CONTROL NUMBER
LC control number 2005281593
020 ## - INTERNATIONAL STANDARD BOOK NUMBER
International Standard Book Number 9781612680064
040 ## - CATALOGING SOURCE
Original cataloging agency DLC
Transcribing agency DLC
Modifying agency DLC
042 ## - AUTHENTICATION CODE
Authentication code pcc
050 00 - LIBRARY OF CONGRESS CALL NUMBER
Classification number HG 179
Item number .K563 2012
082 00 - DEWEY DECIMAL CLASSIFICATION NUMBER
Classification number 332.024/01
100 1# - MAIN ENTRY--PERSONAL NAME
Personal name Kiyosaki, Robert T.,
Dates associated with a name 1947-
245 10 - TITLE STATEMENT
Title Rich dad's cashflow quadrant :
Remainder of title rich dad's guide to financial freedom /
Statement of responsibility, etc by Robert T. Kiyosaki.
246 30 - VARYING FORM OF TITLE
Title proper/short title Cashflow quadrant
260 ## - PUBLICATION, DISTRIBUTION, ETC. (IMPRINT)
Place of publication, distribution, etc AZ, USA :
Name of publisher, distributor, etc Plata Publishing,
Date of publication, distribution, etc 2012.
300 ## - PHYSICAL DESCRIPTION
Extent 374 p. :
Other physical details ill. ;
Dimensions 18 cm.
650 #0 - SUBJECT ADDED ENTRY--TOPICAL TERM
Topical term or geographic name as entry element Finance, Personal.
650 #0 - SUBJECT ADDED ENTRY--TOPICAL TERM
Topical term or geographic name as entry element Investments.
650 #0 - SUBJECT ADDED ENTRY--TOPICAL TERM
Topical term or geographic name as entry element Rich people.
906 ## - LOCAL DATA ELEMENT F, LDF (RLIN)
a 7
b cbc
c origcop
d 2
e ncip
f 20
g y-gencatlg
942 ## - ADDED ENTRY ELEMENTS (KOHA)
Source of classification or shelving scheme Library of Congress Classification
Koha item type Books
Holdings
Withdrawn status Lost status Source of classification or shelving scheme Damaged status Home library Current library Shelving location Date acquired Source of acquisition Sub Shelving location Total Checkouts Full call number Barcode Date last seen Price effective from Koha item type
    Library of Congress Classification   Luxembourg Library Luxembourg Library High School Section 07/14/2016 Library Fund     HG 179 .K563 2012 20274 06/25/2025 07/14/2016 Books

Rich dad's cashflow quadrant :

APA

Kiyosaki R. T., . (2012). Rich dad's cashflow quadrant. AZ, USA: Plata Publishing.

Chicago

Kiyosaki Robert T, . 2012. Rich dad's cashflow quadrant. AZ, USA: Plata Publishing.

Harvard

Kiyosaki R. T., . (2012). Rich dad's cashflow quadrant. AZ, USA: Plata Publishing.

MLA

Kiyosaki Robert T, . Rich dad's cashflow quadrant. AZ, USA: Plata Publishing. 2012.

  • Place hold
  • Print
  • Cite
  • Add to your cart (remove)
  • Save record
    BIBTEX Dublin Core MARCXML MARC (non-Unicode/MARC-8) MARC (Unicode/UTF-8) MARC (Unicode/UTF-8, Standard) MODS (XML) RIS
  • More searches
    Search for this title in:
    Other Libraries (WorldCat) Other Databases (Google Scholar) Online Stores (Bookfinder.com) Open Library (openlibrary.org)

Exporting to Dublin Core...

SOUTHVILLE LIBRARY

Southville International School and Colleges Library

1281 Tropical Ave. Cor. Luxembourg St., BF Homes International, Las Pinas City

Tel. No. 8256374 / 252358 Loc. 117/146

Powered by Koha